Science Quiz

Random Science or Animal Quiz

Fish or Crustacean? Quiz Stats

 Plays Quiz not verified by Sporcle

Score 0/20 Timer 05:00
0 Plays Today
Question Answer Wrong Answers
Sockeye Salmon Fish
96.5%
Crustacean
0.9%
Largemouth Bass Fish
95.9%
Crustacean
0.9%
Black Flounder Fish
95.6%
Crustacean
1.5%
Great Barracuda Fish
94.4%
Crustacean
2.7%
Lobster Crustacean
93.5%
Fish
2.9%
Guppy Fish
93.2%
Crustacean
2.9%
Spiny King Crab Crustacean
93.2%
Fish
4.1%
Bluegill Fish
93.2%
Crustacean
2.9%
Banded Cleaner Shrimp Crustacean
92.9%
Fish
4.1%
Regal Tang Fish
92.6%
Crustacean
4.4%
Losy Lobsterette Crustacean
90.6%
Fish
5.3%
Spotted Gar Fish
90.3%
Crustacean
6.5%
Neon Tetra Fish
88.8%
Crustacean
8%
Barnacle Crustacean
88.2%
Fish
8.6%
Spiny Crayfish Crustacean
87%
Fish
9.7%
Giant Isopod Crustacean
84.4%
Fish
12.4%
Amphipoda Crustacean
79.6%
Fish
17.4%
Moorish Idol Fish
78.5%
Crustacean
19.5%
Remipedia Crustacean
67.3%
Fish
29.5%
Rough Woodlouse Crustacean
67%
Fish
30.4%

You're not logged in!

Compare scores with friends on all Sporcle quizzes.
OR
Log In

You Might Also Like...

Show Comments

Extras

Top Quizzes Today


Score Distribution

Your Account Isn't Verified!

In order to create a playlist on Sporcle, you need to verify the email address you used during registration. Go to your Sporcle Settings to finish the process.

Report this User

Report this user for behavior that violates our Community Guidelines.

Details: